ბათუმის შოთა რუსთაველის სახელმწიფო უნივერსიტეტის ბიბლიოთეკა

Roman art and architecture / (ბიბ.ჩანაწერი № 60572)

000 -LEADER
fixed length control field 00499nam a22001577a 4500
005 - DATE AND TIME OF LATEST TRANSACTION
control field 20230908104744.0
008 - FIXED-LENGTH DATA ELEMENTS--GENERAL INFORMATION
fixed length control field 230908s1964 enk||||| |||| 00| 0 eng d
041 ## - LANGUAGE CODE
Language code of text/sound track or separate title eng
080 ## - UNIVERSAL DECIMAL CLASSIFICATION NUMBER
Universal Decimal Classification number 7(37) W-62
100 ## - MAIN ENTRY--PERSONAL NAME
Personal name Wheeler, Mortimer
9 (RLIN) 19788
245 ## - TITLE STATEMENT
Title Roman art and architecture /
Statement of responsibility, etc. Sir Mortimer Wheeler.
264 ## - PRODUCTION, PUBLICATION, DISTRIBUTION, MANUFACTURE, AND COPYRIGHT NOTICE
Place of production, publication, distribution, manufacture New York,
Date of production, publication, distribution, manufacture, or copyright notice 1964.
300 ## - PHYSICAL DESCRIPTION
Extent 250 p.:
Other physical details ill.;
Dimensions 21 cm.
653 ## - INDEX TERM--UNCONTROLLED
keyword რომაული ხელოვნება და არქიტექტურა
942 ## - ADDED ENTRY ELEMENTS (KOHA)
Source of classification or shelving scheme
Koha item type წიგნი
ეგზემპლარები
Withdrawn status Lost status Source of classification or shelving scheme Damaged status Not for loan Permanent Location Current Location Shelving location Date acquired Cost, normal purchase price Full call number Barcode Date last seen Copy number Uniform Resource Identifier Price effective from Koha item type Public note
          ბათუმის შოთა რუსთაველის სახელმწიფო უნივერსიტეტის მთავარი ბიბლიოთეკა ბათუმის შოთა რუსთაველის სახელმწიფო უნივერსიტეტის მთავარი ბიბლიოთეკა წიგნსაცავი 2023-09-08 7.00 7(37) W-62 65187 2023-09-08 65187 ბსუ-ს საპატიო დოქტორის გურამ ლორთქიფანიძის საჩუქარი 2023-09-08 წიგნი 7 ლ.